000 00882nam a2200277Ia 4500
003 OSt
005 20220926005843.0
006 a|||||r|||| 00| 0
007 ta
008 220923b |||||||| |||| 00| 0 eng d
020 _a9789350715307
_c488.75
037 _b9109, 18/03/2015, Variety Books Publishers
_cGeneral Book
040 _aRTL
_cRTL
_beng
041 _2eng
_aeng
082 _aXM5:(Z).2, Q3
100 _aKAPOOR G K
245 0 _aCompany law
_b A comprehensive textbook on companies act 2013.
250 _a17th.
260 _a New Delhi
_bTaxmann Publications
_c2014
300 _a624p.
_ccm.
500 _aBibliography: P 275-292
650 _aCommerce
700 _a DHAMIJA Sanjay
_9263310
942 _hXM5:(Z).2, Q3
_cGB
_2CC
999 _c615483
_d615483